|
|
|
|
| LEADER |
00992ngm a2200289 i 4500 |
| 001 |
tort915 |
| 005 |
20240513092519.0 |
| 008 |
240513s2024 hu o 0|| zxx d |
| 040 |
|
|
|a PEREPO TORTENET
|b hun
|
| 041 |
|
|
|a zxx
|
| 100 |
1 |
|
|a Soós Aliz
|
| 245 |
1 |
0 |
|a Gyalogtúra
|h [elektronikus dokumentum] /
|c Aliz Soós
|
| 260 |
|
|
|c 2024-05-10
|
| 490 |
0 |
|
|a Zalaegerszegi Televízió
|
| 695 |
|
|
|a Pannon Egyetem - PE
|
| 695 |
|
|
|a Pannon Egyetem Zalaegerszegi Egyetemi Központ - PE ZEK
|
| 695 |
|
|
|a Ladányi Ibolya Otília
|
| 695 |
|
|
|a Bérces Edit
|
| 695 |
|
|
|a jubileum
|
| 695 |
|
|
|a évforduló
|
| 695 |
|
|
|a rendezvény
|
| 695 |
|
|
|a sport
|
| 695 |
|
|
|a videó
|
| 700 |
0 |
1 |
|a Tóth Sándor
|e aut
|
| 700 |
0 |
1 |
|a Szalai László
|e aut
|
| 856 |
4 |
0 |
|u https://perepo-tortenet.uni-pannon.hu/id/eprint/915/2/2024-05-10_ztv_Gyalogt%C3%BAra.pdf
|z Dokumentum-elérés
|
| 856 |
4 |
0 |
|u https://perepo-tortenet.uni-pannon.hu/id/eprint/915/3/2024-05-10_ztv_Gyalogt%C3%BAra%20%5B720p%5D.mp4
|z Dokumentum-elérés
|